- Juárez Hernández, María Clotilde
Entry Nombre Personal
001 - NUMERO DE CONTROL
- campo de control: 41226
003 - IDENTIFICADOR DE NUMERO DE CONTROL
- campo de control: DLC
005 - FECHA Y HORA DE LA ÜLTIMA TRANSACCIÓN
- campo de control: 20230516144238.0
008 - DATOS DE LONGITUD FIJA
- campo de control de longitud fija: 080408n| acannaabn |a aaa c
010 ## - NÚMERO DE CONTROL DE LA BIBLIOTECA DEL CONGRESO
- Número de control LC: no2008053615
035 ## - NUMERO DE CONTROL
- Número de control: (OCoLC)oca07728765
040 ## - FUENTE DE CATALOGACIÓN
- Agencia original de catalogación: MX-ZcUA
- Lenguaje de catalogación: spa
- Agencia de transcripción: MX-ZcUA
- Agencia que lo modifica: MX-MxUPN
100 1# - ENCABEZAMIENTO - NOMBRE PERSONAL
- Nombre personal: Juárez Hernández, María Clotilde
372 ## - CAMPO DE ACTIVIDAD
- Field of activity: Niño, Estudio del
373 ## - GRUPO ASOCIADO
- Associated group: Universidad Pedagógica Nacional (México)
374 ## - OCUPACIÓN
- Occupation: Profesora universitaria
377 ## - LENGUA ASOCIADA
- Language code: spa
400 1# - VEÁSE - NOMBRE DE PERSONA
- Personal name: Juárez Hernández, Clotilde
670 ## - FUENTE EN LA QUE SE LOCALIZARON DATOS
- Cita de la fuente: Influencia cultural en el vínculo madre-infante, 2004:
- Información localizada: portada (comp. María Clotilde Juárez Hernández )
670 ## - FUENTE EN LA QUE SE LOCALIZARON DATOS
- Cita de la fuente: Panorama de la investigación-intervención educativa dentro del contexto institucional actual, 2016:
- Información localizada: portada (María Clotilde Juárez Hernández, coordinadora)
670 ## - FUENTE EN LA QUE SE LOCALIZARON DATOS
- Cita de la fuente: UPN página web, 16 mayo 2023:
- Información localizada: (Clotilde Juárez Hernández; Doctorado en Psicología, UNAM; campo de interés: desarrollo, aprendizaje y educación de la primera infancia; correo electrónico: cjuarezh@yahoo.com)
- Uniform Resource Identifier: https://area3.upnvirtual.edu.mx/index.php/registro/concepciones-y-saberes-matematicos/239-clotilde-juarez-hernandez
902 ## - CATALOGADOR
- Catalogador: Víctor Ruiz/160523
